LEADER 02731nam 2200661 a 450 001 9910146432303321 005 20170815105753.0 010 $a1-119-19861-5 010 $a1-281-00254-2 010 $a9786611002541 010 $a0-470-17908-2 035 $a(CKB)1000000000478995 035 $a(EBL)313387 035 $a(OCoLC)174149952 035 $a(SSID)ssj0000125544 035 $a(PQKBManifestationID)11136903 035 $a(PQKBTitleCode)TC0000125544 035 $a(PQKBWorkID)10026932 035 $a(PQKB)10161760 035 $a(MiAaPQ)EBC313387 035 $a(CaSebORM)9780470126318 035 $a(EXLCZ)991000000000478995 100 $a20070326d2007 uy 0 101 0 $aeng 135 $aur|n|---||||| 181 $ctxt 182 $cc 183 $acr 200 00$aCommodity strategies$b[electronic resource] $ehigh-profit techniques for investors and traders /$fThomas J. Dorsey ... [et al.] 205 $a1st edition 210 $aHoboken, N.J. $cWiley$dc2007 215 $a1 online resource (209 p.) 225 1 $aThe Wiley trading series 300 $aIncludes index. 311 $a0-470-12631-0 327 $aDeveloping a trading system -- Patterns, trends & price objectives -- Using spot charts -- Relative strength with commodities -- Other strategies & tools -- Putting it all together -- Exchange traded funds (ETFs) & commodity markets -- Mutual funds and the evolution of the commodity markets -- Final thought. 330 $aPraise for Commodity Strategies""I have read many books on Point & Figure charting, but this is the first in its category-on the application of the time-tested methodology of Point & Figure charting, in particular, the concept of 'relative strength,' to pick outperforming commodities as well as to achieve diversification of non-correlated assets. If you are looking for a profitable and comprehensive methodology to making money from the commodity and currency markets and ETFs, look no further-you have found it. This book has it all.""-Fred Tam, MPhil, CFTe, MSTA, lecturer in technic 410 0$aWiley trading series. 606 $aCommodity exchanges 606 $aSpeculation 606 $aInvestment analysis 606 $aCommodity futures 608 $aElectronic books. 615 0$aCommodity exchanges. 615 0$aSpeculation. 615 0$aInvestment analysis. 615 0$aCommodity futures. 676 $a332.64 676 $a332.644 700 $aDORSEY$b THOMAS$0901872 701 $aDorsey$b Thomas J$0944693 801 0$bMiAaPQ 801 1$bMiAaPQ 801 2$bMiAaPQ 906 $aBOOK 912 $a9910146432303321 996 $aCommodity strategies$92132558 997 $aUNINA LEADER 03244oas 2201141 a 450 001 9910140973103321 005 20250921213016.0 011 $a1477-2566 035 $a(DE-599)ZDB2071176-1 035 $a(DE-599)2071176-1 035 $a(OCoLC)49728535 035 $a(CONSER) 2007233276 035 $a(CKB)974392606065 035 $a(EXLCZ)99974392606065 100 $a20020506a19999999 sy a 101 0 $aeng 135 $aurmnu|||||||| 181 $ctxt$2rdacontent 182 $cc$2rdamedia 183 $acr$2rdacarrier 200 10$aCytotherapy 210 1$a[Oxford, England] :$c[ISIS Medical Media],$dİ1999- 210 21$a[Oxfordshire, UK] :$cTaylor & Francis 210 21$a[London, UK] :$cInforma Healthcare 210 31$c[Oxford, United Kingdom] :$cElsevier 300 $aRefereed/Peer-reviewed 300 $aSome issues also have distinctive titles. 311 08$aPrint version: Cytotherapy 1465-3249 (DLC) 00243205 (OCoLC)43948810 606 $aCytokines$xTherapeutic use$vPeriodicals 606 $aCellular therapy$vPeriodicals 606 $aCell transplantation$vPeriodicals 606 $aCell Transplantation 606 $aCytokines$xtherapeutic use 606 $aGenetic Therapy 606 $aCytokines$xEmploi en the?rapeutique$vPe?riodiques 606 $aThe?rapie cellulaire$vPe?riodiques 606 $aCellules$xGreffe$vPe?riodiques 606 $aThe?rapie ge?nique 606 $aCell transplantation$2fast$3(OCoLC)fst00850240 606 $aCellular therapy$2fast$3(OCoLC)fst00850322 606 $aCytokines$xTherapeutic use$2fast$3(OCoLC)fst00886275 608 $aPeriodical. 608 $aperiodicals.$2aat 608 $aPeriodicals.$2fast 608 $aPeriodicals.$2lcgft 608 $aPe?riodiques.$2rvmgf 615 0$aCytokines$xTherapeutic use 615 0$aCellular therapy 615 0$aCell transplantation 615 12$aCell Transplantation. 615 12$aCytokines$xtherapeutic use. 615 12$aGenetic Therapy. 615 6$aCytokines$xEmploi en the?rapeutique 615 6$aThe?rapie cellulaire 615 6$aCellules$xGreffe 615 6$aThe?rapie ge?nique. 615 7$aCell transplantation. 615 7$aCellular therapy. 615 7$aCytokines$xTherapeutic use. 676 $a615.5 712 02$aInternational Society for Hematotherapy and Graft Engineering 712 02$aInternational Society for Cellular Therapy 801 0$bF#A 801 1$bF#A 801 2$bOCLCQ 801 2$bCOU 801 2$bGUA 801 2$bOCLCQ 801 2$bOCLCO 801 2$bOCLCQ 801 2$bOCLCF 801 2$bOPELS 801 2$bOCLCO 801 2$bTXA 801 2$bOCLCQ 801 2$bOCLCO 801 2$bOCLCQ 801 2$bOCLCO 801 2$bKSU 801 2$bOCLCO 801 2$bOCLCQ 801 2$bOCLCO 801 2$bOCLCA 801 2$bBUF 801 2$bUKMGB 801 2$bVT2 801 2$bU3W 801 2$bOCLCQ 801 2$bOCLCO 801 2$bOCLCQ 801 2$bUAB 801 2$bOCLCL 801 2$bDKU 801 2$bOCLCL 906 $aJOURNAL 912 $a9910140973103321 996 $aCytotherapy$91891459 997 $aUNINA